Movies Quiz

Random Movies or Oscar Quiz

Best Actress Winners: First Names Quiz Stats

 Plays Quiz Updated Feb 27, 2017

Challenge
Share
Tweet
Embed
Score 0/65 Timer 05:00
6 Plays Today
First Name % Correct
Kate
95.8%
Sandra
93.5%
Nicole
93.4%
Meryl
93.4%
Jane
93%
Reese
92.4%
Barbra
92.3%
Natalie
91.9%
Audrey
91.3%
Elizabeth
91.1%
Helen
90.4%
Hilary
89.2%
Cate
88.2%
Julia
87.4%
Liza
86.5%
Susan
85.5%
Julie
85.4%
Charlize
83.5%
Diane
82.7%
Faye
81.8%
Jessica
80.9%
Sally
80.4%
Jodie
80.4%
Sissy
80.3%
Halle
80.1%
Jennifer
79.5%
Ellen
79.2%
Gwyneth
78.5%
Shirley
78.3%
Kathy
78.2%
Sophia
78.1%
Anne
76.6%
Joan
74.3%
First Name % Correct
Ingrid
72.2%
Emma
71.1%
Frances
65.2%
Cher
64.6%
Bette
63.9%
Mary
62.5%
Holly
62.4%
Olivia
59.3%
Grace
58.8%
Marion
58.2%
Vivien
53.6%
Katharine
52.6%
Ginger
51.7%
Julianne
49.6%
Marlee
47%
Janet
46.4%
Joanne
46.1%
Greer
42.9%
Brie
39%
Patricia
37.5%
Claudette
35%
Louise
34.9%
Maggie
33.8%
Norma
28.9%
Judy
27.3%
Anna
26.3%
Simone
24%
Glenda
23.9%
Loretta
23.3%
Marie
21.9%
Geraldine
15.4%
Luise
14%

You're not logged in!

Compare scores with friends on all Sporcle quizzes.
OR
Log In

You Might Also Like...

Show Comments

Extras

Top Quizzes Today


Score Distribution

Your Account Isn't Verified!

In order to create a playlist on Sporcle, you need to verify the email address you used during registration. Go to your Sporcle Settings to finish the process.

Report this User

Report this user for behavior that violates our Community Guidelines.

Details: